1796 1316 1476 1589 1502 1231 1846 1727 1617 1523 1356 1692 1497 1510 1089 1693 1312 1838 1992 1304 1013 1640 1871 1321 1921 1828 1253 1459 1692 1030 1045 1666 1732 1146 1931 1215 1987 1804 1222 1345 1969 1420 1692 1974 1849 1164 1727 1253 1334 1181 1851 1209 1252 1695 1137 1618 1212 1328 1917 1287 1306 1661 1282 1491 1313 1881 1069 1001 1102 1797 1736 1346 1452 1852 1977 1134 1590 1315 1710 1488 1479 1187 1458 1872 1885 1801 1082 1567 1821 1903 1557 1080 1833 1018 1203 1565 1875 1231 1940 BCNSPRNW ULIB Ver.6.0+V

เปลี่ยนเป็นภาษาไทย

Change to English
 แสดงรายละเอียดบรรณานุกรม
  กลับหน้าหลัก

Brief Record : Get Marc (ISO 2709) : E-mail record : QR code < ปิดหน้าต่าง
LEADER : 00000nam 2200000uu 4500
001    13399113876
003     ULIB
008    120110s||||||||th 000 0 tha d
099    วจ.Wy18.8^bว322ค
100 0  วรารัตน์ ทิพย์รัตน์
245 00 ความเอื้ออาทรของอาจารย์พยาบาล ตามประเมินของอาจารย์และนักศึกษาพยาบาล วิทยาลัยพยาบาลบรมราชชนนี ตรัง/^cวรารัตน์ ทิพย์รัตน์ และ จันทร์เพ็ญ เลิศวนวัฒนา
260    ตรัง :^bวิทยาลัยพยาบาลบรมราชชนนี ตรัง,^c2549
300    103 หน้า :^bตาราง
500    รายงานการวิจัย
650  7 ความเอื้ออาทร^xอาจารย์พยาบาล^xวิจัย
700 02 จันทร์เพ็ญ เลิศวนวัฒนา
710 1  วิทยาลัยพยาบาลบรมราชชนนี ตรัง
945    ^p0^l0^i030936
995    ทศพร
999 ^a ทศพร
รายการนี้ยังไม่มีแท็ก
คุณยังไม่ได้ล็อกอิน คุณสามารถมีกิจกรรมร่วมกับเว็บไซต์ได้ แต่ต้องล็อกอินก่อน ::
  ล็อกอิน

รายการสื่อสารสนเทศ

ลำดับที่ ประเภท เลขเรียก/บาร์โค้ด สถานที่ สถานะ
1. งานวิจัย
งานวิจัย
วจ.Wy18.8 ว322ค ฉ.1 
  Barcode: 030936
ห้องสมุดวิทยาเขตสวรรค์ประชารักษ์
►วิจัย
บนชั้น

รายการใกล้เคียง
    ผู้แต่ง [วรารัตน์ ทิพย์รัตน์]

BibComment


ยังไม่เคยถูกคอมเมนท์

คอมเมนท์ทรัพยากรรายการนี้
  คอมเมนท์: ความเอื้ออาทรของอ..


 Copyright 2026. Bcnsprnw @Library